Catálogo
 En Linea

El sueño de Luciano samosatense, que es la vida de Luciano.... (Registro nro. 33220)

Detalles MARC
000 -CABECERA
campo de control de longitud fija 00273nam a2200097 a 4500
005 - FECHA Y HORA DE LA ÚLTIMA TRANSACCIÓN
campo de control 20200930070456.0
008 - DATOS DE LONGITUD FIJA--INFORMACIÓN GENERAL
campo de control de longitud fija 110907s1778 000 spa d
040 ## - FUENTE DE LA CATALOGACIÓN
Centro catalogador/agencia de origen DO-SdBNP
245 #3 - MENCIÓN DE TÍTULO
Título El sueño de Luciano samosatense, que es la vida de Luciano....
260 ## - PUBLICACIÓN, DISTRIBUCIÓN, ETC.
Lugar de publicación, distribución, etc. Madrid,
Fecha de publicación, distribución, etc. 1778.

No hay ítems disponibles.

Con tecnología Koha